| 000 | 00572nam a22001577a 4500 | ||
|---|---|---|---|
| 003 | macl | ||
| 005 | 20241019161810.0 | ||
| 008 | 241019b |||||||| |||| 00| 0 eng d | ||
| 040 | _cmacl | ||
| 082 | _a510 | ||
| 100 |
_aभारतीय अर्थव्यवस्था NCERT सार ( कक्षा VI-XII सहित) _982595 |
||
| 245 | _aसामान्य गणित NCERT सार ( कक्षा VI-XII सहित) 2024 | ||
| 260 |
_aदिल्ली _bकोसमोस _c2024 |
||
| 650 | _aगणित | ||
| 942 |
_2ddc _cC. BOOKS |
||
| 999 |
_c67218 _d67218 |
||